Statistics for Lines - Geography picture quiz

Click here to take the quiz!

General Stats

  • This quiz has been taken 21 times
  • The average score is 5 of 16

Answer Stats

Answer% Correct
Equator
100%
Fault Line
72%
Maginot Line
67%
International Date Line
67%
Mason Dixon Line
39%
Coastline
33%
McMahon Line
28%
Radcliffe Line
22%
Durand Line
22%
Green Line
17%
Brandt Line
11%
Curzon Line
11%
Northern Limit Line
11%
Cameroon Line
11%
Kármán line
6%
Landsker Line
6%

Score Distribution

Percentile by Number Answered

Percent of People with Each Score

Your Score History

You have not taken this quiz